00496nam a22001577a 450000500170000001000150001702000260003203500130005803700130007108200100008424500590009426000410015327000790019430000250027350000400029820141121122236.0 aENG-111149 c285.00a9788123771953 aEN-94681 bDBAD/PUB a330.9 aReorganisation of states in India :btext and context  aNew DelhibNational Book Trustc2014 bNew Delhie110070aNehru Bhawan, 5 Institutional Area Phase-II,Vasant Kunj axl,351p. c22cm(pbk) aincludes bibliographical references